| 000 | 00389nam a22001457a 4500 | ||
|---|---|---|---|
| 082 | _aP-497 | ||
| 100 |
_aAbdul Anwar _915451 |
||
| 245 |
_aEnergy Harvesting From Roads Using Piezoelectric Generators _cArslan Iqbal |
||
| 260 |
_aRisalpur _bMCE _c2012 |
||
| 300 |
_a70 P.: _bILL.; |
||
| 526 |
_a0 _b0 _c0 _dP_497 |
||
| 650 | _aProject | ||
| 700 |
_aDr Sarfraz Ahmed _929043 |
||
| 942 |
_2ddc _cBK |
||
| 999 |
_c551252 _d551252 |
||